000 00664nam a22001937a 4500
005 20150608143819.0
010 _aENG-112832
020 _c950.00
_a9789350351000
035 _aEN-96364
037 _bDBAD/PUB
082 _a342.5411
100 _aSharma, S.K.
245 _aThe constitution of Jammu and Kashmir :
_cby S.K. Sharma
_ba perspective with reference to the constitution of India /
260 _aDelhi
_bUniversal Law Publishing
_c2011
270 _aC-FF-1A, Dilkhush Industrial Estate, G.T. Karnal Road,
_bDelhi
_e110033
300 _alii,577p.
_c25cm(Hb)
500 _aIncludes index
942 _2ddc
_cEN
_mSHA
_h3425411
999 _c93032
_d93032